<?xml version="1.0" encoding="UTF-8"?>
<marc:record xmlns:marc="http://www.loc.gov/MARC21/slim">
   <marc:leader>00000nam a2200000 a 4500</marc:leader>
   <marc:datafield ind1="1" ind2=" " tag="100">
      <marc:subfield code="a">Koch, Krischan</marc:subfield>
      <marc:subfield code="4">aut</marc:subfield>
      <marc:subfield code="e">Verfasser/-in</marc:subfield>
   </marc:datafield>
   <marc:datafield ind1="0" ind2="0" tag="245">
      <marc:subfield code="a">Schnappt Scholle</marc:subfield>
   </marc:datafield>
   <marc:datafield ind1="0" ind2="0" tag="245">
      <marc:subfield code="b">ein Küsten-Krimi</marc:subfield>
   </marc:datafield>
   <marc:datafield ind1="0" ind2="0" tag="245">
      <marc:subfield code="c">Krischan Koch</marc:subfield>
   </marc:datafield>
   <marc:datafield ind1=" " ind2="1" tag="264">
      <marc:subfield code="a">München</marc:subfield>
      <marc:subfield code="b">dtv</marc:subfield>
      <marc:subfield code="c">2023</marc:subfield>
   </marc:datafield>
   <marc:datafield ind1="1" ind2=" " tag="490">
      <marc:subfield code="a">Thies Detlefsen &amp; Nicole Stappenbek</marc:subfield>
      <marc:subfield code="v">11</marc:subfield>
   </marc:datafield>
   <marc:datafield ind1=" " ind2=" " tag="250">
      <marc:subfield code="a">Originalausgabe</marc:subfield>
   </marc:datafield>
   <marc:datafield ind1="1" ind2=" " tag="520">
      <marc:subfield code="a">Angaben aus der Verlagsmeldung

Schnappt Scholle : Ein Küsten-Krimi / von Krischan Koch

Tote backen keine Brötchen

Altganove Hans–Peter Scholz, genannt »Scholle«, plant mit seinen früheren Bandenmitgliedern den letzten großen Coup seines Lebens. Doch statt dem Casino Travemünde wird es die Raiffeisenbank in Fredenbülls Nachbarort Schlütthörn. Von der örtlichen Bäckerei aus will die Bande einen Tunnel in den Tresorraum graben. Da trifft es sich gut, dass Scholles Knastbruder Timo als gelernter Bäcker gerade die verwaiste Bäckerei im Ort übernommen hat. Als aber eines Morgens ein Toter in schwarz-weiß karierter Bäckerhose in der Sperrmüllpresse aufgefunden wird, geraten Scholles Grabungsarbeiten ins Stocken, die Region hat einen Backwarenengpass und der unterbeschäftige Polizeihauptmeister Thies Detlefsen endlich wieder einen Mordfall!

</marc:subfield>
   </marc:datafield>
   <marc:datafield ind1=" " ind2=" " tag="020">
      <marc:subfield code="a">9783423218528</marc:subfield>
      <marc:subfield code="9">9783423218528</marc:subfield>
   </marc:datafield>
   <marc:datafield ind1=" " ind2=" " tag="020">
      <marc:subfield code="a">3423218525</marc:subfield>
      <marc:subfield code="9">3423218525</marc:subfield>
   </marc:datafield>
   <marc:datafield ind1=" " ind2=" " tag="041">
      <marc:subfield code="a">ger</marc:subfield>
   </marc:datafield>
   <marc:datafield ind1=" " ind2=" " tag="300">
      <marc:subfield code="a">303 Seiten</marc:subfield>
   </marc:datafield>
</marc:record>
